České účtovné štandardy a ich rámcové porovnanie so slovenskou legislatívou diplomová práca

Salvato in:
Dettagli Bibliografici
Autore principale: Geffert, Tomáš
Ente Autore: Fakulta hospodárskej informatiky EU. Katedra účtovníctva a audítorstva
Altri autori: Tumpach, Miloš, 1970-
Natura: Libro
Lingua:slovacco
Pubblicazione: Bratislava 2012
Tags: Aggiungi Tag
Nessun Tag, puoi essere il primo ad aggiungerne!!

MARC

LEADER 00000nbm a2200000 4500
001 0154711
005 20161109102139.5
041 0 |a slo 
044 |a SK 
245 1 0 |a České účtovné štandardy a ich rámcové porovnanie so slovenskou legislatívou  |b diplomová práca  |c Tomáš Geffert ; školiteľ: Miloš Tumpach 
264 1 |a Bratislava  |c 2012 
300 |a 67 s. 
100 1 |a Geffert, Tomáš 
700 1 |a Tumpach, Miloš, 1970- 
710 2 |a Fakulta hospodárskej informatiky EU. Katedra účtovníctva a audítorstva